000
00303nam a2200133Ia 4500
008
231129s1966||||xx |||||||||||||| ||spa||
040
_b
spa
082
_a
986.104 A139d
100
_a
Abella Arturo
245
0
_a
Don dinero en la independencia
260
_c
1966
264
_a
Lerner
942
_2
ddc
_c
BKS
999
_c
9752
_d
9752